UBT Library

Elements of physical chemistry / (Record no. 43615)

000 -LEADER
fixed length control field 00674cam a2200217 a 4500
001 - CONTROL NUMBER
control field 15385103
005 - DATE AND TIME OF LATEST TRANSACTION
control field 20180227080431.0
008 - FIXED-LENGTH DATA ELEMENTS--GENERAL INFORMATION
fixed length control field 080728s2009 enka 001 0 eng
010 ## - LIBRARY OF CONGRESS CONTROL NUMBER
LC control number 2008934074
Canceled/invalid LC control number 2008926976
020 ## - INTERNATIONAL STANDARD BOOK NUMBER
International Standard Book Number 9781429218139 (hardcover)
040 ## - CATALOGING SOURCE
Original cataloging agency DLC
Transcribing agency DLC
041 ## - LANGUAGE CODE
Language code of text/sound track or separate title eng
080 ## - UNIVERSAL DECIMAL CLASSIFICATION NUMBER
Universal Decimal Classification number 54 PET
082 ## - DEWEY DECIMAL CLASSIFICATION NUMBER
Classification number 54 PET
100 1# - Rafti
Rafti 12
101 ## - Shkurtesa
Shkurtesa KIM
245 10 - TITLE STATEMENT
Title Elements of physical chemistry /
Statement of responsibility, etc Peter Atkins, Julio de Paula.
906 ## - LOCAL DATA ELEMENT F, LDF (RLIN)
a 7
b cbc
c orignew
d 3
e epcn
f 20
g y-gencatlg
942 ## - ADDED ENTRY ELEMENTS (KOHA)
Source of classification or shelving scheme
Item type Books
Holdings
Withdrawn status Lost status Source of classification or shelving scheme Damaged status Not for loan Collection code Permanent location Current location Shelving location Date acquired Total Checkouts Full call number Barcode Date last seen Price effective from Koha item type
          Koleksioni i përgjithshem UBT - Lipjan UBT - Lipjan Koleksioni i përgjithshem 02/27/2018   54 PET 002-3000222 02/27/2018 02/27/2018 Books
UBT Library © 2015-2024. All rights reserved University Education for Business and Technology